Les défis actuels de petites et moyennes entreprises en Slovaquie bakalárska práca

Saved in:
Bibliographic Details
Main Author: Petergáčová, Daniela
Corporate Author: Fakulta aplikovaných jazykov EU v Bratislave. Katedra románskych a slovanských jazykov
Other Authors: Rizeková, Iveta, 1961-
Format: Book
Language:French
Published: Bratislava 2021
Tags: Add Tag
No Tags, Be the first to tag this record!

MARC

LEADER 00000nbm a2200000 4500
001 0274913
005 20220216083900.0
041 0 |a fre 
044 |a SK 
245 1 0 |a Les défis actuels de petites et moyennes entreprises en Slovaquie  |b bakalárska práca  |c Daniela Petergáčová ; školiteľ: Iveta Rizeková 
264 1 |a Bratislava  |c 2021 
300 |a 49 s. 
100 1 |a Petergáčová, Daniela 
700 1 |a Rizeková, Iveta, 1961- 
710 2 |a Fakulta aplikovaných jazykov EU v Bratislave. Katedra románskych a slovanských jazykov